Central Library OPAC University of Rajshahi

The religion of Islam : (Record no. 32683)

MARC details
000 -LEADER
fixed length control field 00596nam a2200217u 4500
001 - CONTROL NUMBER
control field 32683
003 - CONTROL NUMBER IDENTIFIER
rucl marc code BD-RjUL
005 - DATE AND TIME OF LATEST TRANSACTION
control field 20211209051859.0
008 - FIXED-LENGTH DATA ELEMENTS--GENERAL INFORMATION
fixed length control field 140428s1959 ua ac 000 0 eng
035 ## - SYSTEM CONTROL NUMBER
System control number (BD-RjUL)32773
040 ## - CATALOGING SOURCE
Original cataloging agency DLC
Transcribing agency CarP
Modifying agency DLC
-- BD-RjUL
Language of cataloging eng
041 ## - LANGUAGE CODE
Language code of text/sound track or separate title eng
082 ## - DEWEY DECIMAL CLASSIFICATION NUMBER
Classification number 297
Author mark and year GAR 1959
100 1# - MAIN ENTRY--PERSONAL NAME
Personal name Galwash, Ahmad A.
9 (RLIN) 99415
245 04 - TITLE STATEMENT
Title The religion of Islam :
Remainder of title a standard book /
Statement of responsibility, etc. by Ahmad A.Galwash.
260 ## - PUBLICATION, DISTRIBUTION, ETC. (IMPRINT)
Place of publication, distribution, etc. Cairo
Name of publisher, distributor, etc. Impr. Misr,
Date of publication, distribution, etc. 1959.
300 ## - PHYSICAL DESCRIPTION
Pagination 255 p. :
Illustrations illus., port. ;
Size 24 cm.
650 #0 - SUBJECT ADDED ENTRY--TOPICAL TERM
Topical term or geographic name as entry element Islam.
9 (RLIN) 99416
942 ## - ADDED ENTRY ELEMENTS (KOHA)
Source of classification or shelving scheme Dewey Decimal Classification
Koha item type Books
Holdings
Lost status Source of classification or shelving scheme Damaged status Not for loan Collection code Permanent Location Current Location Shelving location Date acquired Source of acquisition Cost, normal purchase price Total Checkouts Full call number Date last seen Copy number Koha item type
  Dewey Decimal Classification   Not For Loan Non-fiction Central Library, University of Rajshahi Central Library, University of Rajshahi Reading Room 15/04/1965 U.S.Ambrssy 0.00   297 GAR 1959 27/04/2014 C-1 Books